Quipus y quipucamayoc : (Record no. 22652)

000 -CABECERA
campo de control de longitud fija 01688nam a2200421 a 4500
001 - NÚMERO DE CONTROL
campo de control C00601170
003 - IDENTIFICADOR DEL NÚMERO DE CONTROL
campo de control OSt
005 - FECHA Y HORA DE LA ÚLTIMA TRANSACCIÓN
campo de control 20221212105048.0
007 - CAMPO FIJO DE DESCRIPCIÓN FÍSICA--INFORMACIÓN GENERAL
campo de control de longitud fija ta
008 - DATOS DE LONGITUD FIJA--INFORMACIÓN GENERAL
campo de control de longitud fija 210915s2020 pe a gr 00010 spa
017 ## - NÚMERO DE COPYRIGHT O DE DEPÓSITO LEGAL
Número de copyright o de depósito legal 2020-09340
020 ## - NÚMERO INTERNACIONAL ESTÁNDAR DEL LIBRO
Número Internacional Estándar del Libro 9786124821899
040 ## - FUENTE DE LA CATALOGACIÓN
Centro catalogador/agencia de origen pelibn
Lengua de catalogación spa
Normas de descripción rda
Centro/agencia transcriptor pelibn
082 14 - NÚMERO DE LA CLASIFICACIÓN DECIMAL DEWEY
Número de clasificación 985.019
100 1# - ENTRADA PRINCIPAL--NOMBRE DE PERSONA
Nombre de persona Setlak, Magdalena,
Término indicativo de función/relación autor.
9 (RLIN) 48777
245 10 - MENCIÓN DE TÍTULO
Título Quipus y quipucamayoc :
Resto del título codificación y administración en el antigüo Perú = Quipus and quipucamayoc : encoding and administration in ancient Peru /
Mención de responsabilidad, etc. Magdalena Setlak, Viviana Moscovich, Sabine Hyland y Lucrezia Milillo.
246 31 - FORMA VARIANTE DE TÍTULO
Título propio/Titulo breve Quipus and quipucamayoc : encoding and administration in ancient Peru
250 ## - MENCIÓN DE EDICIÓN
Mención de edición Primera edición.
264 33 - PRODUCCIÓN, PUBLICACIÓN, DISTRIBUCIÓN, FABRICACIÓN Y COPYRIGHT
Producción, publicación, distribución, fabricación y copyright Lima :
Nombre del de productor, editor, distribuidor, fabricante EY,
Fecha de producción, publicación, distribución, fabricación o copyright 2020.
264 33 - PRODUCCIÓN, PUBLICACIÓN, DISTRIBUCIÓN, FABRICACIÓN Y COPYRIGHT
Producción, publicación, distribución, fabricación y copyright Lima :
Nombre del de productor, editor, distribuidor, fabricante Lettera Gráfica.
300 ## - DESCRIPCIÓN FÍSICA
Extensión 474 páginas :
Otras características físicas ilustraciones en color, diagramas, facsímiles, planos, retratos ;
Dimensiones 29 cm.
336 ## - TIPO DE CONTENIDO
Término de tipo de contenido Texto
Fuente rdacontent
337 ## - TIPO DE MEDIO
Nombre/término del tipo de medio sin mediación
Fuente rdamedia
338 ## - TIPO DE SOPORTE
Nombre/término del tipo de soporte volumen
Fuente rdacarrier
504 ## - NOTA DE BIBLIOGRAFÍA, ETC.
Nota de bibliografía, etc. Bibliografía: páginas 458-474.
650 18 - PUNTO DE ACCESO ADICIONAL DE MATERIA--TÉRMINO DE MATERIA
Término de materia o nombre geográfico como elemento de entrada Quipus
Subdivisión geográfica -Perú.
9 (RLIN) 48778
650 18 - PUNTO DE ACCESO ADICIONAL DE MATERIA--TÉRMINO DE MATERIA
Término de materia o nombre geográfico como elemento de entrada Inkas
9 (RLIN) 1899
650 28 - PUNTO DE ACCESO ADICIONAL DE MATERIA--TÉRMINO DE MATERIA
Término de materia o nombre geográfico como elemento de entrada Incas
Subdivisión general -Comunicación.
9 (RLIN) 48779
650 28 - PUNTO DE ACCESO ADICIONAL DE MATERIA--TÉRMINO DE MATERIA
Término de materia o nombre geográfico como elemento de entrada Incas
Subdivisión general -Matemáticas.
9 (RLIN) 48780
650 28 - PUNTO DE ACCESO ADICIONAL DE MATERIA--TÉRMINO DE MATERIA
Término de materia o nombre geográfico como elemento de entrada Pictografía
Subdivisión geográfica -Perú
Subdivisión cronológica -Época Prehispánica.
9 (RLIN) 48781
650 28 - PUNTO DE ACCESO ADICIONAL DE MATERIA--TÉRMINO DE MATERIA
Término de materia o nombre geográfico como elemento de entrada Quipus
Subdivisión de forma -Catálogos.
9 (RLIN) 48782
700 1# - PUNTO DE ACCESO ADICIONAL--NOMBRE DE PERSONA
Nombre de persona Moscovich, Viviana,
Fechas asociadas al nombre 1990-,
Término indicativo de función/relación autor.
9 (RLIN) 48783
700 1# - PUNTO DE ACCESO ADICIONAL--NOMBRE DE PERSONA
Nombre de persona Hyland, Sabine,
Fechas asociadas al nombre 1964-,
Término indicativo de función/relación autor.
9 (RLIN) 48784
700 1# - PUNTO DE ACCESO ADICIONAL--NOMBRE DE PERSONA
Nombre de persona Milillo, Lucrezia,
Término indicativo de función/relación autor.
9 (RLIN) 48785
856 ## - LOCALIZACIÓN Y ACCESO ELECTRÓNICOS
Identificador Uniforme del Recurso <a href="https://assets.ey.com/content/dam/ey-sites/ey-com/es_pe/topics/growth/ey-quipus-y-quipucamayoc-libro.pdf">https://assets.ey.com/content/dam/ey-sites/ey-com/es_pe/topics/growth/ey-quipus-y-quipucamayoc-libro.pdf</a>
Nota pública Leer en digital
942 ## - ELEMENTOS DE PUNTO DE ACCESO ADICIONAL (KOHA)
Fuente del sistema de clasificación o colocación
Tipo de ítem Koha Libros-BMC
Holdings
Estado de retiro Estado de pérdida Fuente del sistema de clasificación o colocación Estado dañado No para préstamo Localización permanente Ubicación/localización actual Ubicación en estantería Fecha de adquisición Fuente de adquisición Coste, precio normal de compra Signatura topográfica completa Código de barras Fecha visto por última vez Precio válido a partir de Tipo de ítem Koha
          Sala Humanidades Sala Humanidades Book Cart 2022-12-12 Donación 100.00 985.019/S44Q SH0000016489 2022-12-12 2022-12-12 Libros-BMC

Powered by Koha